000 00607nam a22002177a 4500
003 UA-OsUOA
001 39533
007 ta
008 20060621b un ||||| |||| 00| 0 ukr d
100 _aГордійчук М.М
090 _a781(058)(477)
_bГ68
942 _cBK
040 _aUA-OsUOA
_cUA-OsUOA
_dUA-OsUOA
245 _aУкраїнське музикознавство
300 _a276 с.
955 _a0
080 _a781(058)(477)
260 _aК.
_bМузична Україна
_c1974
650 7 _a781 Теорія музики. Загальні питання
_2UDC
999 _c325674
_d325674